Ecuaciones diferenciales elementales y problemas con condiciones en la frontera / C.H. Edwards, David E. Penney (Registro nro. 20680)
[ vista simple ]
| 000 -LÍDER | |
|---|---|
| fixed length control field | 00599nam a2200169 4500 |
| 008 - ELEMENTOS DE LONGITUD FIJA -- INFORMACIÓN GENERAL | |
| fixed length control field | 0 1994 0a 000 0Mex |
| 020 ## - NÚMERO INTERNACIONAL NORMALIZADO PARA LIBROS | |
| ISBN | 968-880-414-2 |
| 050 ## - SIGNATURA TOPOGRAFICA DE LA BIBLIOTECA DEL CONGRESO (LC) | |
| Número de Clasificación | QA371 E26 |
| 082 ## - NUMERO DE CLASIFICACION DECIMAL DEWEY | |
| Número de Clasificación | 515.35 E527e |
| 100 ## - ASIENTO PRINCIPAL--NOMBRE PERSONAL | |
| Nombre personal | Edwards, C.H. |
| 245 ## - TÍTULO | |
| Título | Ecuaciones diferenciales elementales y problemas con condiciones en la frontera / C.H. Edwards, David E. Penney |
| 250 ## - MENCIÓN DE EDICIÓN | |
| Mención de edición | 2 / 3a. del ingles |
| 260 ## - PUBLICACIÓN, DISTRIBUCIÓN, ETC. (PIE DE IMPRENTA) | |
| Lugar de publicación, distribución, etc. | México : Prentice-Hall |
| 300 ## - DESCRIPCIÓN FÍSICA | |
| Extensión | 774 p. / 26 cm. |
| 650 ## - ASIENTO SECUNDARIO DE MATERIA - TERMINO TEMÁTICO | |
| Término temático o nombre geográfico como elemento de entrada | 1. ECUACIONES DIFERENCIALES / 2. PROBLEMAS CON CONDICIONES EN LA FRONTERA |
| 700 ## - ASIENTO SECUNDARIO - NOMBRE PERSONAL | |
| Nombre personal | I. Penney, David E. , coaut. |
| No. biblioteca | No. biblioteca | Número de clasificación | Código de barras/Número de adquisición | Número de copia | Tipo de material |
|---|---|---|---|---|---|
| LUIS G. INCLAN | LUIS G. INCLAN | 515.35 E527e | 29465 | 7 | Libros |
| LUIS G. INCLAN | LUIS G. INCLAN | 515.35 E527e | 35105 | 14 | Libros |
| LUIS G. INCLAN | LUIS G. INCLAN | 515.35 E527e | 29466 | 8 | Libros |
| LUIS G. INCLAN | LUIS G. INCLAN | 515.35 E527e | 32683 | 12 | Libros |
| LUIS G. INCLAN | LUIS G. INCLAN | 515.35 E527e | 32684 | 13 | Libros |
| LUIS G. INCLAN | LUIS G. INCLAN | 515.35 E527e | 35106 | 15 | Libros |
| LUIS G. INCLAN | LUIS G. INCLAN | 515.35 E527e | 29467 | 9 | Libros |
